| 000 | 00395nam a2200145Ia 4500 | ||
|---|---|---|---|
| 008 | 180315s9999||||xx |||||||||||||| ||und|| | ||
| 082 |
_aWO 18.2 _bJAC |
||
| 100 | _aJacob,S. | ||
| 245 | 0 |
_aMCQs in Applied Basic Science for Basic Surgical Training (SSH) _cJacob,S. |
|
| 250 | _a1st | ||
| 260 |
_aEdinburgh UK _bChurchill Livingstone _c2000 |
||
| 300 | _a215 | ||
| 650 | _aSurgery | ||
| 942 | _cBK | ||
| 999 |
_c3314 _d3314 |
||